000 00245nam a2200109Ia 4500
008 190216s9999||||xx |||||||||||||| ||und||
100 _aGopinathan Nair T N
245 0 _aSamam Samam
260 _bCurrent Books
650 _aNadakam
942 _cBK
999 _c24042
_d24042